000
00309nam a22001337a 4500
008
170522b xxu||||| |||| 00| 0 eng d
020
_a
9780865976979
041
_a
eng
080
_a
94
100
_a
16
101
_a
SHH
245
_a
THE CREATION OF THE PRESIDENCY 1775-1789
_c
THACH,CH.C
942
_2
udc
_c
BK
999
_c
13703
_d
13703